[Event "Penang op-A 14th"]
[Site "Penang"]
[Date "2022.12.24"]
[Round "9"]
[White "Purnama, Patrick"]
[Black "Buakird, Apichit"]
[Result "0-1"]
[WhiteElo "1437"]
[BlackElo "1967"]
[PlyCount "66"]
[EventDate "2022.12.19"]
[EventType "swiss"]
[EventRounds "9"]
[EventCountry "MAS"]
[SourceTitle "CBM 211 Extra"]
[Source "ChessBase"]
[SourceDate "2023.01.31"]
[SourceVersion "1"]
[SourceVersionDate "2023.01.31"]
[SourceQuality "1"]

1. d4 Nf6 2. Bf4 g6 3. Nc3 Bg7 4. e4 d6 5. Qd2 h5 6. f3 c6 7. Bc4 b5 8. Bb3 a5 9. a3 Qb6 10. e5 Ng8 11. exd6 Qxd4 12. Qxd4 Bxd4 13. Nge2 Bg7 14. dxe7 Nxe7 15. 0-0 0-0 16. Bd6 Re8 17. Nf4 Nf5 18. Bc5 Na6 19. Bf2 Nd4 20. Bxd4 Bxd4+ 21. Kh1 Nc5 22. Rad1 Bxc3 23. bxc3 Bf5 24. Rd6 Rac8 25. Rf6 Rc7 26. Nxh5 Nxb3 27. Rxf5 Re2 28. Nf6+ Kf8 29. Rf4 Rxc2 30. g4 Re7 31. g5 Ree2 32. Ng4 Nc5 33. Rd4 Ne6 0-1

[Event "Bekasi Scua op 1st"]
[Site "Bekasi"]
[Date "2022.01.16"]
[Round "9"]
[White "Purnama, Patrick"]
[Black "Simanjuntak, Morado"]
[Result "1/2-1/2"]
[WhiteElo "1373"]
[BlackElo "1754"]
[PlyCount "40"]
[EventDate "2022.01.12"]
[EventType "swiss"]
[EventRounds "9"]
[EventCountry "INA"]
[SourceTitle "CBM 206 Extra"]
[Source "ChessBase"]
[SourceDate "2022.03.31"]
[SourceVersion "1"]
[SourceVersionDate "2022.03.31"]
[SourceQuality "1"]

1. d4 d5 2. Bf4 Nf6 3. e3 g6 4. Nf3 Bg7 5. Nbd2 0-0 6. Bd3 b6 7. 0-0 Bb7 8. Ne5 Nbd7 9. Qe2 Nh5 10. Nxd7 Nxf4 11. exf4 Qxd7 12. c3 e6 13. Nf3 Qd6 14. g3 c5 15. a3 Rac8 16. Ne5 Rfe8 17. Rfe1 f5 18. Bc2 b5 19. Qd2 Qc7 20. Bd1 Qd6 1/2-1/2

[Event "World Cup U12 Prel"]
[Site "Tornelo INT"]
[Date "2021.08.06"]
[Round "6"]
[White "Purnama, Patrick"]
[Black "Sava, Robert Gabriel"]
[Result "1-0"]
[WhiteElo "1373"]
[BlackElo "1699"]
[PlyCount "111"]
[EventDate "2021.08.06"]
[EventType "swiss (rapid)"]
[EventRounds "10"]
[EventCountry "NET"]
[SourceTitle "EXT 2025"]
[Source "ChessBase"]
[SourceDate "2024.10.14"]
[SourceVersion "1"]
[SourceVersionDate "2024.10.14"]
[SourceQuality "1"]

1. d4 d5 2. Bf4 h5 3. Nd2 c5 4. e3 Nc6 5. Ngf3 cxd4 6. exd4 Bf5 7. c3 e6 8. Qb3 Qd7 9. Bb5 f6 10. h4 a6 11. Bxc6 Qxc6 12. Rc1 b5 13. Nf1 Qc4 14. Ne3 Qxb3 15. axb3 Be4 16. Nd2 Bd3 17. Ra1 Kd7 18. b4 Bd6 19. Bxd6 Kxd6 20. Nb3 Ne7 21. Nc5 Nc6 22. Nxd3 e5 23. Kd2 exd4 24. Nf5+ Ke6 25. Nxd4+ Nxd4 26. cxd4 Kf5 27. f3 g5 28. hxg5 fxg5 29. Rae1 Rhe8 30. Rxh5 Rxe1 31. Nxe1 Kf4 32. Nd3+ Kf5 33. g4+ Kg6 34. Ne5+ Kf6 35. Rh6+ Kg7 36. Rg6+ Kh7 37. Rxg5 a5 38. bxa5 Rxa5 39. Nc6 Ra2 40. Kc2 Ra1 41. Rxd5 Rf1 42. Ne5 Rf2+ 43. Kb3 b4 44. Rb5 Re2 45. Rxb4 Re3+ 46. Kc4 Re2 47. Rb7+ Kh6 48. f4 Rc2+ 49. Kd3 Rd2+ 50. Ke4 Rxd4+ 51. Ke3 Re4+ 52. Kd3 Re3+ 53. Kd4 Re4+ 54. Kc3 Re3+ 55. Nd3 Re4 56. g5+ 1-0